La Araucana / (Record no. 53308)

MARC details
000 -LEADER
campo de control de longitud fija 00731nam a22002175i 4500
001 - NÚMERO DE CONTROL
campo de control 53308
003 - IDENTIFICADOR DE NÚMERO DE CONTROL
campo de control ES-MaACL
005 - FECHA Y HORA DE LA ÚLTIMA TRANSACCIÓN
campo de control 20230929062527.0
007 - CAMPO FIJO DE DESCRIPCIÓN FÍSICA--INFORMACIÓN GENERAL
campo de control de longitud fija t|
008 - DATOS DE LONGITUD FIJA--INFORMACIÓN GENERAL
campo de control de longitud fija 940202s1866 sp ||||1| spa d
040 ## - FUENTE DE CATALOGACIÓN
Centro catalogador/agencia de origen CAM
Lengua de catalogación spa
100 1# - ENTRADA PRINCIPAL--NOMBRE DE PERSONA
Nombre de persona Ercilla y Zúñiga, Alonso de.
9 (RLIN) 47364
245 13 - MENCIÓN DEL TÍTULO
Título La Araucana /
Mención de responsabilidad, etc. de Alonso de Ercilla ; edición de la Real Academia Española.
260 ## - PUBLICACIÓN, DISTRIBUCIÓN, ETC.
Lugar de publicación, distribución, etc. Madrid :
Nombre del editor, distribuidor, etc. Imprenta Nacional,
Fecha de publicación, distribución, etc. 1866.
300 ## - DESCRIPCIÓN FÍSICA
Extensión 2 v. ( LXVII, 310; 465 p.) ;
Dimensiones 19 cm.
490 1# - MENCIÓN DE SERIE
Mención de serie Biblioteca selecta de autores clásicos españoles
710 2# - ENTRADA AGREGADA--NOMBRE DE ENTIDAD CORPORATIVA
Nombre de entidad corporativa o nombre de jurisdicción como elemento de entrada Real Academia Española
9 (RLIN) 6336
830 0# - PUNTO DE ACCESO ADICIONAL DE SERIE-TÍTULO UNIFORME
Título uniforme Biblioteca selecta de autores clásicos españoles
9 (RLIN) 180948
852 ## - LOCALIZACIÓN
Ubicación ES-MaACL
Número de control de estantería F-9808-9
Holdings
Estatus retirado Estado de pérdida Estado de daño No para préstamo Colección Biblioteca de origen Biblioteca actual Ubicación en estantería Fecha de adquisición Fuente de adquisición Total de préstamos Signatura topográfica completa Código de barras Visto por última vez Precio de reemplazo Tipo de ítem Koha
        Libros del s. XIX Biblioteca del Ateneo de Madrid Biblioteca del Ateneo de Madrid Sala Pecera Planta 2 17/01/2008     F-9808-9 1056013 23/02/2023 23/02/2023 Libro impreso antiguo